00477pab a2200157 454500008004000000100001900040245003700059260000900096300000900105362000900114650001600123773005300139909000900192999001500201952010300216180718b1986 xxu||||| |||| 00| 0 eng d aDantwala, M.L. aGrowth and equity in agriculture c1986 a95-8 aDec. aAgriculture aMonthly Commentary on Indian economic Conditions a3618 c3618d3618 00104070aIIPAbIIPAd2018-07-19hVolume no: 28, Issue no: 5pAR3619r2018-07-19w2018-07-19yAR